A textbook of thermal engineering : (Record no. 3600)
[ view plain ]
| 000 -LEADER | |
|---|---|
| fixed length control field | 00851nam a22002777a 4500 |
| 001 - CONTROL NUMBER | |
| control field | 13854 |
| 003 - CONTROL NUMBER IDENTIFIER | |
| control field | BD-DhUAP |
| 005 - DATE AND TIME OF LATEST TRANSACTION | |
| control field | 20200309153917.0 |
| 008 - FIXED-LENGTH DATA ELEMENTS--GENERAL INFORMATION | |
| fixed length control field | 200309r19782009ii a 001 0 eng c |
| 020 ## - INTERNATIONAL STANDARD BOOK NUMBER | |
| International Standard Book Number | 8121925738 |
| 040 ## - CATALOGING SOURCE | |
| Original cataloging agency | BD-DhAAL |
| Language of cataloging | Eng |
| Transcribing agency | BD-DhUAP |
| Modifying agency | BD-DhUAP |
| 082 ## - DEWEY DECIMAL CLASSIFICATION NUMBER | |
| Edition number | 23 |
| Classification number | 621.402 KHU |
| 100 ## - MAIN ENTRY--PERSONAL NAME | |
| Personal name | Khurmi, R. S. |
| 9 (RLIN) | 28630 |
| 245 ## - TITLE STATEMENT | |
| Title | A textbook of thermal engineering : |
| Remainder of title | S.I. units / |
| Statement of responsibility, etc. | R. S. Khurmi and J. K. Gupta. |
| 250 ## - EDITION STATEMENT | |
| Edition statement | 15th ed. |
| 260 ## - PUBLICATION, DISTRIBUTION, ETC. | |
| Place of publication, distribution, etc. | New Delhi : |
| Name of publisher, distributor, etc. | S. Chand, |
| Date of publication, distribution, etc. | c1978 [Reprinted 2009]. |
| 300 ## - PHYSICAL DESCRIPTION | |
| Extent | 895 pages : |
| Other physical details | illustrations ; |
| Dimensions | 24 cm. |
| 500 ## - GENERAL NOTE | |
| General note | Includes index. |
| 526 ## - STUDY PROGRAM INFORMATION NOTE | |
| Program name | CSE |
| 650 ## - SUBJECT ADDED ENTRY--TOPICAL TERM | |
| Topical term or geographic name entry element | Thermodynamics. |
| 9 (RLIN) | 28631 |
| 650 ## - SUBJECT ADDED ENTRY--TOPICAL TERM | |
| Topical term or geographic name entry element | Heat engineering. |
| 9 (RLIN) | 28632 |
| 700 ## - ADDED ENTRY--PERSONAL NAME | |
| Personal name | Gupta, R. S. |
| 9 (RLIN) | 28633 |
| 942 ## - ADDED ENTRY ELEMENTS (KOHA) | |
| Source of classification or shelving scheme | |
| Koha item type | Book |
No items available.
Bengali Keyboard